000 00415nam a2200169 a 4500
005 20140310183506.0
008 100920s19uu xx 00 eng d
020 _a0553263404
050 _aPZ 7
_b.M621 1987
100 _aMichaels, Fran
245 _aMr. Wonderful /
260 _aUnited States :
_bBantam Books,
_c1987.
300 _a167 p. :
_c17 cm.
650 _aFIC
942 _cBK
_2lcc
999 _c24065
_d24065